Movies by Image #10 - Statistics

General Stats
  • This quiz has been taken 139 times
  • The average score is 6 of 16
Answer Stats
Picture Answer % Correct
Legally Blonde
72%
Grown Ups
71%
Hook
62%
Dodgeball: A True Underdog Story
54%
How to Lose a Guy in 10 Days
44%
Final Destination
35%
True Lies
35%
Point Break
34%
Just Go with It
33%
The Invisible Man
31%
War Dogs
31%
Southpaw
26%
21
12%
Wind River
10%
Hell or High Water
8%
The Village
6%
No matching quizzes found
Score Distribution
Percent of People with Each Score
Percentile by Number Answered
Your Score History
You have not taken this quiz